[Event "Mechanics' Neil Falconer TNM; 30/90, SD"]
[Site "San Francisco"]
[Date "2013.09.24"]
[Round "8.24"]
[White "Cole, Tony"]
[Black "Ebert, John"]
[Result "0-1"]
[WhiteElo "1400"]
[BlackElo "1735"]
[PlyCount "64"]
[EventDate "2013.??.??"]

1. e4 e6 2. Nf3 d5 3. exd5 exd5 4. d4 Bd6 5. Nc3 Ne7 6. Bg5 f6 7. Be3 O-O 8.
Qd2 c6 9. O-O-O b5 10. Bf4 Ng6 11. Ne2 Nxf4 12. Nxf4 Qc7 13. g3 a5 14. Re1 Bxf4
15. gxf4 Qd6 16. Rg1 b4 17. b3 a4 18. Kb2 Bd7 19. f5 axb3 20. cxb3 Kh8 21. Bd3
Na6 22. Rg2 Rf7 23. h4 c5 24. dxc5 Nxc5 25. Nd4 Re7 26. Rxe7 Qxe7 27. f4 Rc8
28. Re2 Ne4 29. Bxe4 dxe4 30. Ne6 g6 31. Rxe4 gxf5 32. Rxb4 Bxe6 0-1

[Event "Mechanics' Summer TNM; 30/90, SD/30"]
[Site "San Francisco"]
[Date "2013.07.09"]
[Round "7.34"]
[White "Cole, Tony"]
[Black "Gomboluudev, Enkhjin"]
[Result "1-0"]
[WhiteElo "1411"]
[BlackElo "1106"]
[Annotator "Donaldson"]
[PlyCount "79"]
[EventDate "2013.??.??"]

1. e4 e5 2. Nf3 Nc6 3. Nc3 Nf6 4. Bb5 Bc5 5. d3 h6 6. h3 O-O 7. Be3 Bb6 (7...
Bxe3 8. fxe3) 8. Qd2 Bxe3 (8... d6 9. Bxh6 gxh6 10. Qxh6 Nh7 11. Nd5 Be6) 9.
Qxe3 Nb4 10. O-O-O c6 11. Ba4 d5 12. d4 (12. exd5 cxd5 13. Qxe5) 12... exd4 13.
Qxd4 Qa5 14. Bb3 (14. a3) 14... c5 $1 15. Qd2 b5 (15... c4 $1 16. Ba4 (16. Nxd5
cxb3 17. Qxb4 Qxb4 18. Nxb4 a5 19. Nd5 Nxe4) 16... dxe4 (16... Nxa2+ 17. Nxa2
Qxa4 18. Nc3 Qa1+ 19. Nb1 dxe4 $19)) 16. Nxd5 Nfxd5 17. Bxd5 c4 (17... Nxa2+
18. Kb1 (18. Bxa2 Qxa2) 18... Nb4) 18. a3 Na2+ 19. Kb1 Qxd2 (19... c3 20. Qd4)
20. Rxd2 Nc3+ 21. bxc3 Rb8 22. Nh4 Kh7 23. Rhd1 g5 24. Nf3 Kg6 25. g4 h5 26.
Ne5+ Kf6 27. Nc6 Rb6 28. e5+ Kg6 29. gxh5+ Kxh5 30. Bf3+ g4 31. hxg4+ Bxg4 32.
Rh1+ Kg5 33. Rg1 Kf4 34. Bh1 Bf3 35. Rd4+ Kf5 36. Bxf3 Ke6 37. Bg4+ f5 38.
exf6+ Kxf6 39. Rd6+ Kf7 40. Bh5# 1-0

[Event "Mechanics' Neil Falconer TNM; 30/90, SD"]
[Site "San Francisco"]
[Date "2013.08.27"]
[Round "4.25"]
[White "Cole, Tony"]
[Black "James, Charles"]
[Result "0-1"]
[WhiteElo "1400"]
[BlackElo "1571"]
[PlyCount "54"]
[EventDate "2013.??.??"]

1. e4 e6 2. Nf3 d5 3. exd5 exd5 4. d4 Bd6 5. Nc3 c6 6. Be3 Nf6 7. Qd2 O-O 8.
O-O-O b5 9. Bg5 Nbd7 10. Bd3 Qa5 11. a3 b4 12. Nb1 c5 13. Bxf6 Nxf6 14. Ne5 c4
15. Nxc4 dxc4 16. Bxc4 Ne4 17. Qe1 Bf4+ 18. Nd2 Nxd2 19. Rxd2 bxa3 20. bxa3
Qxa3+ 21. Kd1 Qa1+ 22. Ke2 Re8+ 23. Kf3 Rxe1 24. Rxe1 Qxe1 25. Re2 Bb7+ 26.
Kxf4 Qc1+ 27. Kg3 Qg5+ 0-1

[Event "Mechanics' Winter TNM; 30/90, SD/30"]
[Site "San Francisco"]
[Date "2013.02.19"]
[Round "7.29"]
[White "Cole, Tony"]
[Black "Kottcamp, Jeff"]
[Result "0-1"]
[WhiteElo "1500"]
[BlackElo "1725"]
[Annotator "Donaldson"]
[PlyCount "76"]
[EventDate "2013.??.??"]

1. e4 c5 2. Nf3 d6 3. Nc3 Nf6 4. Bc4 Bg4 $6 5. h3 (5. e5 $1 dxe5 6. Bxf7+ $16 (
6. Nxe5 $16)) 5... Bh5 6. d3 Nc6 7. Bb5 e6 8. g4 Bg6 9. Bg5 Be7 10. e5 Nd5 11.
Bxe7 Ndxe7 12. Qe2 d5 13. d4 c4 14. a3 a6 15. Bxc6+ Nxc6 16. O-O Qb6 17. Na4
Qb5 18. b3 cxb3 19. cxb3 $4 Qxe2 20. Ne1 Nxd4 21. Nb6 Rb8 22. f3 Qxe5 23. Kg2
O-O 24. f4 Qd6 25. Na4 Rbc8 26. b4 Nc2 27. Nxc2 Rxc2+ 28. Kg1 b6 29. h4 Qc6 30.
f5 d4 31. Rf2 Rxf2 32. Kxf2 exf5 33. gxf5 Bxf5 34. Rd1 Qc2+ 35. Kg3 Qxd1 36.
Nxb6 Re8 37. Nd5 Qg4+ 38. Kf2 Re2+ 0-1

[Event "Mechanics' Winter TNM; 30/90, SD/30"]
[Site "San Francisco"]
[Date "2013.01.29"]
[Round "4.29"]
[White "Cole, Tony"]
[Black "Matchen, George"]
[Result "0-1"]
[WhiteElo "1500"]
[BlackElo "1668"]
[PlyCount "48"]
[EventDate "2013.??.??"]

1. e4 e5 2. Nf3 Nc6 3. Nc3 Nf6 4. Bc4 Be7 5. d3 O-O 6. Be3 Bb4 7. Bd2 h6 8. h3
Re8 9. g4 Bxc3 10. Bxc3 d5 11. Bb3 dxe4 12. dxe4 Qxd1+ 13. Rxd1 Nxe4 14. Rd3
Nxc3 15. bxc3 e4 16. Re3 Bxg4 17. hxg4 exf3 18. Ba4 Rxe3+ 19. fxe3 Ne5 20. Kf2
Rd8 21. Rg1 Rd2+ 22. Kg3 g5 23. Rf1 Rg2+ 24. Kh3 Rxg4 0-1

[Event "Mechanics' Neil Falconer TNM; 30/90, SD"]
[Site "San Francisco"]
[Date "2013.08.13"]
[Round "2.26"]
[White "Cole, Tony"]
[Black "Moore, Randolph E"]
[Result "1-0"]
[WhiteElo "1400"]
[BlackElo "1718"]
[PlyCount "75"]
[EventDate "2013.??.??"]

1. e4 e5 2. Nf3 Bc5 3. Nc3 d6 4. Bc4 Nc6 5. d3 Nf6 6. Bg5 h6 7. Bxf6 gxf6 8.
Qd2 a6 9. O-O-O Na5 10. Nh4 b5 11. Bb3 Nxb3+ 12. cxb3 c6 13. Rdf1 a5 14. f4 a4
15. Nf5 Bxf5 16. exf5 axb3 17. axb3 Bb4 18. Kc2 d5 19. d4 e4 20. Ra1 Kd7 21.
Qe2 Ke7 22. Rxa8 Qxa8 23. Qe1 Qa7 24. Nxd5+ cxd5 25. Qxb4+ Kd8 26. Qd6+ Kc8 27.
Qxf6 Re8 28. Rc1 Re7 29. Kb1+ Rc7 30. Qh8+ Kd7 31. Qg7 Kc8 32. Qf8+ Kd7 33.
Qxf7+ Kd8 34. Qxd5+ Rd7 35. Qg8+ Ke7 36. Qg7+ Ke8 37. Rc8+ Rd8 38. Rxd8+ 1-0

[Event "Mechanics' Summer TNM; 30/90, SD/30"]
[Site "San Francisco"]
[Date "2013.06.04"]
[Round "2.28"]
[White "Cole, Tony"]
[Black "Newey, Richard"]
[Result "0-1"]
[WhiteElo "1411"]
[BlackElo "1749"]
[PlyCount "136"]
[EventDate "2013.??.??"]

1. e4 c5 2. Nc3 d6 3. Nf3 Nc6 4. Bc4 e6 5. O-O Nf6 6. d3 Be7 7. a3 O-O 8. Bg5
a6 9. Qd2 b5 10. Ba2 Rb8 11. Rad1 Nd4 12. Ne1 b4 13. Bxf6 Bxf6 14. Na4 Bd7 15.
Bb3 Qe8 16. axb4 Bxa4 17. Bxa4 Qxa4 18. c3 Nb3 19. Qc2 cxb4 20. c4 Nc5 21. Qe2
Qc6 22. Nf3 e5 23. Nd2 a5 24. b3 Rb7 25. f4 Ne6 26. f5 Nf4 27. Qf3 h6 28. d4
Qb6 29. c5 dxc5 30. Nc4 Qc7 31. d5 Ra8 32. Ra1 a4 33. g3 Nh3+ 34. Kg2 Ng5 35.
Qd3 a3 36. h4 Nh7 37. d6 Qd7 38. Qd5 Rc8 39. Ra2 Qc6 40. Qd3 Rd7 41. Rd1 Re8
42. Na5 Qb6 43. Nc4 Qb5 44. Qc2 Bd8 45. Rd5 Nf6 46. Rxe5 Rxe5 47. Nxe5 Rxd6 48.
Nc4 Rd4 49. e5 Ne4 50. f6 Qc6 51. Kh2 gxf6 52. Qg2 Bc7 53. Re2 Bxe5 54. Nxe5
fxe5 55. Qf3 Qf6 56. Qg4+ Qg6 57. Qc8+ Kg7 58. Qh3 Rd3 59. Rg2 Rxb3 60. h5 Qg5
61. Rg1 Rb2+ 62. Rg2 Nd2 63. g4 Qf4+ 64. Kh1 a2 65. g5 Rb1+ 66. Rg1 Rxg1+ 67.
Kxg1 a1=Q+ 68. Kg2 Qaf1# 0-1

[Event "Mechanics' Summer TNM; 30/90, SD/30"]
[Site "San Francisco"]
[Date "2013.07.02"]
[Round "6.33"]
[White "Cole, Tony"]
[Black "Otterbach, Renate"]
[Result "1-0"]
[WhiteElo "1411"]
[BlackElo "948"]
[PlyCount "53"]
[EventDate "2013.??.??"]

1. e4 c5 2. Nc3 Nc6 3. Nf3 Nf6 4. d4 cxd4 5. Nxd4 e5 6. Nf5 d6 7. Qf3 Bxf5 8.
exf5 Nd4 9. Qd3 Qd7 10. Ne4 Nxe4 11. Qxe4 d5 12. Qxe5+ Qe7 13. Qxe7+ Bxe7 14.
Bd3 Rc8 15. c3 Nc6 16. O-O Ne5 17. Bb5+ Kd8 18. Bf4 Ng4 19. Rad1 Rc5 20. c4
Rxb5 21. cxb5 Ke8 22. Rfe1 g6 23. Bd6 Kf8 24. Bxe7+ Kg7 25. h3 Nf6 26. Re5 Nd7
27. Rexd5 1-0

[Event "Mechanics' Winter TNM; 30/90, SD/30"]
[Site "San Francisco"]
[Date "2013.01.15"]
[Round "2.27"]
[White "Cole, Tony"]
[Black "Poling, Scott"]
[Result "1-0"]
[WhiteElo "1500"]
[BlackElo "1748"]
[PlyCount "33"]
[EventDate "2013.??.??"]

1. e4 e6 2. Nf3 d5 3. exd5 exd5 4. d4 Nc6 5. Nc3 Bb4 6. Bd2 Nge7 7. Bb5 a6 8.
Ba4 O-O 9. O-O Bg4 10. Bxc6 Nxc6 11. Be3 Bxc3 12. bxc3 Na5 13. h3 Bh5 14. g4
Bg6 15. Ne5 Qh4 16. Kh2 f6 $4 17. Nf3 1-0

[Event "Mechanics' Spring TNM; 30/90, SD/30"]
[Site "San Francisco"]
[Date "2013.03.19"]
[Round "1.25"]
[White "Cole, Tony"]
[Black "Sainz, Guadalupe"]
[Result "0-1"]
[WhiteElo "1439"]
[BlackElo "1871"]
[PlyCount "56"]
[EventDate "2013.??.??"]

1. e4 c5 2. Nc3 Nc6 3. Nf3 d6 4. Bc4 Nf6 5. d3 a6 6. a3 Bg4 7. h3 Bh5 8. O-O e6
9. Bg5 Be7 10. Re1 O-O 11. Ba2 h6 12. Bh4 b5 13. Bg3 Nd4 14. e5 Ne8 15. exd6
Nxd6 16. Re5 N6f5 17. Bh2 Nxf3+ 18. gxf3 Qd4 19. Re4 Qf6 20. Rf4 Bd6 21. Ne4
Qg6+ 22. Rg4 Bxh2+ 23. Kxh2 Bxg4 24. fxg4 Nd4 25. Nxc5 Rfd8 26. f3 Qf6 27. Kg3
Qe5+ 28. f4 Qxc5 0-1

[Event "Mechanics' Winter TNM; 30/90, SD/30"]
[Site "San Francisco"]
[Date "2013.02.12"]
[Round "6.25"]
[White "Cole, Tony"]
[Black "Sherwood, Peter"]
[Result "0-1"]
[WhiteElo "1500"]
[BlackElo "1812"]
[Annotator "Sherwood"]
[PlyCount "144"]
[EventDate "2013.??.??"]

1. e4 c5 2. Nf3 d6 3. Nc3 Nf6 4. Bc4 e6 5. d3 Be7 6. Bg5 Nbd7 7. O-O a6 8. a3
O-O 9. Ba2 b5 10. b4 Bb7 11. Re1 Qc7 12. Ne2 Rac8 13. c4 Rfd8 14. Bh4 Nf8 15.
Ng3 h6 16. Bxf6 Bxf6 17. Rb1 cxb4 18. axb4 Nd7 19. Nh5 Be7 20. Nd4 Qb6 21. Nxe6
fxe6 22. c5 dxc5 23. bxc5 $6 (23. Qg4 Bg5 24. Bxe6+ Kh8 25. Bxd7 $11) 23...
Nxc5 24. Qg4 Bf8 25. Re3 Rc7 26. Rh3 Kh8 27. Nf4 Bc8 28. Ng6+ Kh7 29. Ne5 Qd6
30. Qg6+ Kh8 31. Nf7+ Rxf7 32. Qxf7 Qe7 33. Qg6 Rxd3 34. Rh5 Rd2 35. Ra1 Qf6
36. Qxf6 gxf6 37. e5 f5 38. f4 Bb7 39. Rh3 Rxg2+ 40. Kf1 Rd2 41. Ke1 Rd3 42.
Rxd3 Nxd3+ 43. Ke2 Nxf4+ 44. Ke3 Nd5+ 45. Kd2 Kg7 46. Rc1 Kf7 47. Bxd5 Bxd5 48.
Rc7+ Kg6 49. Ra7 Bg7 50. Rxa6 Bxe5 51. Rb6 Bc4 52. Ke3 Bxh2 53. Kf3 h5 54. Kg2
Be5 55. Kf3 h4 56. Kg2 Kg5 57. Ra6 Kg4 58. Ra7 h3+ 59. Kh1 Bd5+ 60. Kg1 h2+ 61.
Kf2 Bd4+ 62. Ke2 Bxa7 63. Kd2 h1=Q 64. Kc2 Qf3 65. Kd2 Qe3+ 66. Kc2 Be4+ 67.
Kb2 Bd4+ 68. Ka2 Bd5+ 69. Kb1 Qb3+ 70. Kc1 Qb2+ 71. Kd1 Bf3+ 72. Ke1 Qc1# 0-1

[Event "Mechanics' Fall TNM; 30/90, SD/30"]
[Site "San Francisco"]
[Date "2013.11.26"]
[Round "6.18"]
[White "Cole, Tony"]
[Black "Sherwood, Peter"]
[Result "0-1"]
[WhiteElo "1402"]
[BlackElo "1817"]
[PlyCount "58"]
[EventDate "2013.??.??"]

1. e4 c5 2. Nc3 d6 3. Nf3 Nf6 4. d4 cxd4 5. Nxd4 a6 6. Bd3 e5 7. Nf3 Be7 8. Bg5
Be6 9. O-O O-O 10. Qd2 Nbd7 11. b3 Rc8 12. Bxf6 Nxf6 13. Ng5 Qa5 14. Nxe6 fxe6
15. Nb1 Qc5 16. c3 d5 17. exd5 exd5 18. b4 Qd6 19. h3 e4 20. Be2 Qe5 21. f4 Qd6
22. f5 Qe5 23. a3 Bd6 24. Qe3 Qh2+ 25. Kf2 Bf4 26. Qd4 Qg3+ 27. Kg1 Be3+ 28.
Kh1 Bxd4 29. cxd4 Rc2 0-1

[Event "Mechanics' Fall TNM; 30/90, SD/30"]
[Site "San Francisco"]
[Date "2013.10.22"]
[Round "1.15"]
[White "Cole, Tony"]
[Black "Todortsev, Victor"]
[Result "0-1"]
[WhiteElo "1402"]
[BlackElo "1932"]
[PlyCount "66"]
[EventDate "2013.??.??"]

1. e4 c5 2. Nc3 Nc6 3. Nf3 d6 4. Bb5 a6 5. Bxc6+ bxc6 6. d4 cxd4 7. Nxd4 Qc7 8.
O-O g6 9. Re1 Bg7 10. Be3 Rb8 11. b3 c5 12. Nde2 Nf6 13. Rb1 O-O 14. Bg5 Bb7
15. Nd5 Nxd5 16. exd5 h6 17. Bh4 g5 18. Bg3 c4 19. h4 Qc5 20. hxg5 hxg5 21.
bxc4 Qxc4 22. Rb3 Bxd5 23. Qb1 Rbc8 24. Qd1 Qc6 25. f3 Bxb3 26. cxb3 Qc2 27.
Qd5 Qc5+ 28. Qxc5 Rxc5 29. f4 gxf4 30. Bxf4 Rc2 31. Nc1 Bd4+ 32. Kh1 Kg7 33.
Rxe7 Rh8+ 0-1

[Event "Mechanics' Neil Falconer TNM; 30/90, SD"]
[Site "San Francisco"]
[Date "2013.09.17"]
[Round "7.24"]
[White "Cole, Tony"]
[Black "Yamamoto, Craig"]
[Result "1-0"]
[WhiteElo "1400"]
[BlackElo "1500"]
[PlyCount "55"]
[EventDate "2013.??.??"]

1. e4 c5 2. Nc3 Nc6 3. Nf3 d6 4. Bb5 Bd7 5. O-O Nf6 6. Re1 g6 7. d4 cxd4 8.
Nxd4 Bg7 9. Be3 O-O 10. h3 a6 11. Bc4 Rc8 12. Bb3 b5 13. a3 Ne8 14. Qd2 Nxd4
15. Bxd4 Nf6 16. e5 dxe5 17. Bxe5 e6 18. Rad1 Bc6 19. Qg5 Nd5 20. Qg3 Bxe5 21.
Qxe5 Qc7 22. Qg5 Nxc3 23. bxc3 Rcd8 24. Rd4 Rxd4 25. cxd4 Qd6 26. Qf6 Qxa3 $4 {
Diagram #} 27. Rxe6 $3 Qc1+ 28. Kh2 1-0

[Event "Mechanics' Fall TNM; 30/90, SD/30"]
[Site "San Francisco"]
[Date "2013.11.12"]
[Round "4.21"]
[White "Cowgill, Jackie"]
[Black "Alzhin, Leonid"]
[Result "0-1"]
[WhiteElo "983"]
[BlackElo "1808"]
[PlyCount "56"]
[EventDate "2013.??.??"]

1. e4 c5 2. Nf3 Nc6 3. d4 cxd4 4. Nxd4 Nf6 5. Nxc6 bxc6 6. Bd3 e5 7. O-O Bc5 8.
Bg5 O-O 9. Nd2 d5 10. Bxf6 Qxf6 11. exd5 cxd5 12. c4 e4 13. Bxe4 dxe4 14. Nxe4
Qb6 15. Qd5 Bb7 16. Qxc5 Bxe4 17. Qxb6 axb6 18. f3 Bd3 19. Rfc1 Rfe8 20. h3 Re2
21. b3 Rae8 22. c5 bxc5 23. Rxc5 h6 24. a4 Rb2 25. Rc3 Bc2 26. b4 Re2 27. b5
Bb1 28. Raa3 Rxg2+ 0-1

[Event "Mechanics' Fall TNM; 30/90, SD/30"]
[Site "San Francisco"]
[Date "2013.10.29"]
[Round "2.25"]
[White "Cowgill, Jackie"]
[Black "Gomboluudev, Enkhijin"]
[Result "1-0"]
[WhiteElo "983"]
[BlackElo "1137"]
[PlyCount "63"]
[EventDate "2013.??.??"]

1. e4 e5 2. Nf3 Nc6 3. Bb5 Nf6 4. O-O Bc5 5. c3 d6 6. Bxc6+ bxc6 7. d4 exd4 8.
cxd4 Bb6 9. Nc3 O-O 10. Re1 Re8 11. Bg5 h6 12. Bh4 g5 13. Bg3 Be6 14. h3 Qd7
15. a3 g4 16. e5 dxe5 17. Nxe5 gxh3 $4 18. Nxd7 Bxd7 19. gxh3 Bxh3 20. Rxe8+
Rxe8 21. Qd2 Kh7 22. Re1 Rd8 23. Ne2 c5 24. Bh4 Rd6 25. Bxf6 Rxf6 26. Nf4 Be6
27. Nxe6 fxe6 28. Re4 Rg6+ 29. Kf1 cxd4 30. Qe2 c5 31. Rg4 Rxg4 32. Qxg4 1-0

[Event "Mechanics' Winter TNM; 30/90, SD/30"]
[Site "San Francisco"]
[Date "2013.01.08"]
[Round "1.30"]
[White "Cowgill, Jackie"]
[Black "Hakobyan, Sos"]
[Result "0-1"]
[WhiteElo "906"]
[BlackElo "1822"]
[Annotator "Donaldson"]
[PlyCount "84"]
[EventDate "2013.??.??"]

1. e4 e6 2. d4 d5 3. Nc3 Nf6 4. e5 Nfd7 5. f4 c5 6. Nf3 Nc6 7. Be3 a6 8. Qd2 b5
9. Be2 c4 10. O-O b4 11. Nd1 g6 12. a3 Rb8 13. axb4 Bxb4 14. Nc3 h5 15. Qc1
Bxc3 16. bxc3 Na7 17. Bf2 Nb5 18. Qe1 Qe7 19. Bh4 Qf8 20. Bf6 Nxf6 21. exf6 Qd6
22. Ne5 Ra8 23. Rf3 h4 24. Rh3 Qd8 25. Rxh4 Qxf6 26. Rxh8+ Qxh8 27. Nf3 Qf6 28.
g3 Nd6 29. Ng5 Bd7 30. Kg2 Ke7 31. Bf3 Qf5 32. Nh3 Rh8 33. Nf2 Bc8 34. Qe5 Qxe5
35. fxe5 Nb5 36. Ng4 (36. Nd1 $11) 36... Nxc3 37. Nf6 Nb5 38. h4 Nxd4 39. c3
Nb5 40. Bxd5 exd5 41. Nxd5+ Ke6 42. Nb6 Bb7+ 0-1

[Event "Mechanics' Spring TNM; 30/90, SD/30"]
[Site "San Francisco"]
[Date "2013.03.26"]
[Round "2.33"]
[White "Cowgill, Jackie"]
[Black "MacIntyre, Brendan"]
[Result "0-1"]
[WhiteElo "1025"]
[BlackElo "1655"]
[PlyCount "50"]
[EventDate "2013.??.??"]

1. e4 c5 2. Nf3 Nc6 3. d4 cxd4 4. Nxd4 g6 5. Bg5 Bg7 6. c3 Nf6 7. Bxf6 Bxf6 8.
Nf3 O-O 9. Be2 Qb6 10. Qc2 d6 11. O-O Bg4 12. Nbd2 Rac8 13. Qb3 Qc7 14. h3 Be6
15. Bc4 Na5 16. Qd1 Nxc4 17. Nxc4 Bxc4 18. Re1 Rfd8 19. b3 Be6 20. Rc1 Qa5 21.
c4 Qxa2 22. Ra1 Bxa1 23. Nd4 Bxd4 24. Qxd4 Qxb3 25. Qxa7 Rxc4 0-1

[Event "Mechanics' Summer TNM; 30/90, SD/30"]
[Site "San Francisco"]
[Date "2013.06.25"]
[Round "5.26"]
[White "Cowgill, Jackie"]
[Black "Nyangar, Enkhmaa"]
[Result "0-1"]
[WhiteElo "964"]
[BlackElo "1564"]
[PlyCount "64"]
[EventDate "2013.??.??"]

1. e4 e5 2. Nf3 Nc6 3. Bb5 Nf6 4. O-O a6 5. Ba4 b5 6. Bb3 Na5 7. Re1 Bc5 8. d4
exd4 9. Nxd4 O-O 10. c3 Nxb3 11. axb3 Bb7 12. Bg5 h6 13. Bh4 g5 14. Bg3 Nxe4
15. b4 Bb6 16. Nd2 Nxg3 17. hxg3 d6 18. Qh5 Qf6 19. g4 Kh7 20. Ne4 Bxe4 21.
Rxe4 d5 22. Re3 Bxd4 23. cxd4 Qxd4 24. Rh3 Qf6 25. Rd1 Rad8 26. Rdd3 Rd6 27.
Rdf3 Qg7 28. Rf5 Rg6 29. Rxg5 Rxg5 30. Qh4 Rxg4 31. Qxh6+ Qxh6 32. Rxh6+ Kxh6
0-1

[Event "Mechanics' Spring TNM; 30/90, SD/30"]
[Site "San Francisco"]
[Date "2013.04.30"]
[Round "7.40"]
[White "Cowgill, Jackie"]
[Black "Olson, David"]
[Result "1/2-1/2"]
[WhiteElo "1025"]
[BlackElo "1519"]
[PlyCount "57"]
[EventDate "2013.??.??"]

1. e4 e5 2. Nf3 Nc6 3. Bb5 Nd4 4. Nxd4 exd4 5. O-O Bc5 6. d3 Ne7 7. Nd2 O-O 8.
a3 d5 9. Nf3 Bg4 10. b4 Bb6 11. Bg5 f6 12. Bh4 Ng6 13. Bg3 f5 14. exf5 Rxf5 15.
Qe2 Qf6 16. Rfe1 c6 17. Ba4 Rf8 18. c4 Nf4 19. Bxf4 Rxf4 20. Qe7 Bxf3 21. Qxf6
R4xf6 22. gxf3 Rg6+ 23. Kh1 Bd8 24. Rg1 Rh6 25. Rg2 Rxf3 26. Re1 Kf7 27. cxd5
Rxd3 28. Bc2 Rxa3 29. Bf5 $19 1/2-1/2

[Event "Mechanics' Spring TNM; 30/90, SD/30"]
[Site "San Francisco"]
[Date "2013.04.16"]
[Round "5.39"]
[White "Cowgill, Jackie"]
[Black "Otterbach, Renate"]
[Result "0-1"]
[WhiteElo "1025"]
[BlackElo "899"]
[PlyCount "62"]
[EventDate "2013.??.??"]

1. e4 e5 2. Nf3 Nc6 3. Bb5 Nf6 4. O-O a6 5. Ba4 Bc5 6. c3 O-O 7. d4 Ba7 8. d5
Ne7 9. Bc2 d6 10. h3 Ng6 11. Be3 b6 12. c4 Bd7 13. Nc3 Qc8 14. Ne2 Nh5 15. Qd2
Nhf4 16. Nxf4 Nxf4 17. Bxf4 Bxh3 18. Bg3 Bxg2 19. Kxg2 h6 20. Nh4 Rb8 21. b4 b5
22. c5 dxc5 23. Bxe5 Qg4+ 24. Bg3 Rfe8 25. Qf4 Qe2 26. Rac1 c6 27. Qf3 Qc4 28.
Bxb8 Bxb8 29. bxc5 Qxc5 30. Bb3 Qd6 31. Nf5 $4 Qh2# 0-1

[Event "Mechanics' Winter TNM; 30/90, SD/30"]
[Site "San Francisco"]
[Date "2013.02.12"]
[Round "6.34"]
[White "Cowgill, Jackie"]
[Black "Shaughnessy, Elizabeth"]
[Result "0-1"]
[WhiteElo "906"]
[BlackElo "1570"]
[PlyCount "92"]
[EventDate "2013.??.??"]

1. e4 e5 2. Nf3 Nc6 3. Bb5 a6 4. Ba4 Nf6 5. O-O Bc5 6. c3 O-O 7. d4 exd4 8.
cxd4 Ba7 9. Re1 b5 10. Bc2 d5 11. Bg5 dxe4 12. Bxe4 Qd6 13. Nc3 Nxe4 14. Nxe4
Qb4 15. Be3 Bg4 16. Nc5 Bxf3 17. Qxf3 Nxd4 18. Bxd4 Qxd4 19. Nd3 c5 20. Rad1
Qh4 21. Rf1 c4 22. Ne5 Rad8 23. Ng4 Rxd1 24. Rxd1 Bb8 25. h3 h5 26. Ne3 Be5 27.
Nf5 Qf4 28. Qxf4 Bxf4 29. g3 Be5 30. Ne7+ Kh7 31. Rd5 f6 32. f4 Re8 33. fxe5
Rxe7 34. exf6 gxf6 35. Rxh5+ Kg6 36. Rd5 Re2 37. a4 Rxb2 38. axb5 axb5 39. Rc5
Rb3 40. Kg2 c3 41. Kf2 b4 42. g4 Rb2+ 43. Ke1 c2 44. Kd2 b3 45. Kc1 Rb1+ 46.
Kd2 Rd1+ 0-1

[Event "Mechanics' Summer TNM; 30/90, SD/30"]
[Site "San Francisco"]
[Date "2013.05.28"]
[Round "1.33"]
[White "Cowgill, Jackie"]
[Black "Sherwood, Peter"]
[Result "0-1"]
[WhiteElo "964"]
[BlackElo "1789"]
[PlyCount "60"]
[EventDate "2013.??.??"]

1. e4 c5 2. Nf3 d6 3. d4 cxd4 4. Nxd4 Nf6 5. Nc3 a6 6. Bg5 e6 7. Qd2 Be7 8. Bd3
Nc6 9. Nf3 b5 10. a3 Bb7 11. O-O O-O 12. Rfe1 Qc7 13. Rac1 Rfd8 14. b4 Rac8 15.
Bxf6 Bxf6 16. Nd1 Ne5 17. Nxe5 Bxe5 18. c4 d5 19. Qe2 dxc4 20. Bxc4 bxc4 21.
Nb2 c3 22. Nd3 Bxh2+ 23. Kh1 Be5 24. Nc5 Rd2 25. Qh5 g6 26. Qg5 Bg7 27. e5 Rxf2
28. Ne4 Bxe4 29. Rxe4 Rf5 30. Qh4 Rh5 0-1

[Event "Mechanics' Fall TNM; 30/90, SD/30"]
[Site "San Francisco"]
[Date "2013.12.10"]
[Round "8.25"]
[White "Cowgill, Jackie"]
[Black "Simpkins, Jerry"]
[Result "0-1"]
[WhiteElo "983"]
[BlackElo "1571"]
[Annotator "Donaldson"]
[PlyCount "40"]
[EventDate "2013.??.??"]

1. e4 e5 2. Nf3 d5 3. exd5 e4 4. Nd4 Qxd5 5. c3 f5 6. Bb5+ c6 7. Ba4 Nf6 8. O-O
Qd8 9. Re1 Bd6 10. d3 {Diagram #} Bxh2+ {Here this sacrifice is not warranted.}
11. Kxh2 Ng4+ 12. Kg1 Qh4 13. Nf3 (13. Qd2 $1 Qh2+ 14. Kf1 $16) 13... Qxf2+ 14.
Kh1 O-O 15. Bb3+ Kh8 16. dxe4 fxe4 (16... Qg3 $11) 17. Rxe4 Qg3 18. Qe1 (18.
Be3 $1) 18... Nf2+ 19. Kg1 Nxe4 (19... Nh3+ $11) 20. Qxe4 Bh3 {Premature! 21.
Ng5! Qf2+ 22.Kh2 Bf5 23.Nf7+ Kg8 24.Qe7 and White is winning - Stockfish} 0-1

[Event "Mechanics' Spring TNM; 30/90, SD/30"]
[Site "San Francisco"]
[Date "2013.04.02"]
[Round "3.37"]
[White "Cowgill, Jackie"]
[Black "Starr, Albert"]
[Result "0-1"]
[WhiteElo "1025"]
[BlackElo "1570"]
[PlyCount "70"]
[EventDate "2013.??.??"]

1. e4 e5 2. Nf3 Nf6 3. d4 exd4 4. Nxd4 Bc5 5. Nc3 O-O 6. Be2 Re8 7. Bg5 h6 8.
Bxf6 Qxf6 9. O-O $4 Qxd4 10. Bd3 Bb6 11. Nd5 c6 12. Nxb6 axb6 13. b3 Na6 14.
Qf3 Nb4 15. a4 Nxd3 16. cxd3 d6 17. h3 Be6 18. Rab1 Ra5 19. Rfc1 Rg5 20. Kh1 d5
21. Rd1 Qb4 22. d4 Kf8 23. e5 Rf5 24. Qe3 g5 25. g3 c5 26. Kg2 Rc8 27. h4 cxd4
28. Rxd4 Qc3 29. Rd3 Qxe5 30. Qd2 Bd7 31. Re1 Qf6 32. hxg5 hxg5 33. Rxd5 Rxd5
34. Qxd5 Bc6 35. Rd1 Bxd5+ 0-1

[Event "Mechanics' Winter TNM; 30/90, SD/30"]
[Site "San Francisco"]
[Date "2013.01.22"]
[Round "3.30"]
[White "Cox, Hank"]
[Black "Harris, Clarence"]
[Result "1-0"]
[WhiteElo "1623"]
[BlackElo "1418"]
[PlyCount "43"]
[EventDate "2013.??.??"]

1. d4 Nf6 2. c4 g6 3. Nc3 Bg7 4. e4 d6 5. Nf3 O-O 6. Be2 e5 7. d5 Bg4 8. Bg5 h6
9. Be3 Nbd7 10. Qd2 Kh7 11. h3 Bxf3 12. Bxf3 a5 13. O-O-O a4 14. g4 Nc5 15. g5
Ng8 16. h4 h5 17. Qe2 Qd7 18. Bxh5 Ne7 19. Bg4 Qe8 20. h5 Kg8 21. hxg6 Nxg6 22.
Bf5 1-0

[Event "Mechanics' Winter TNM; 30/90, SD/30"]
[Site "San Francisco"]
[Date "2013.02.05"]
[Round "5.21"]
[White "Cox, Hank"]
[Black "Poling, Scott"]
[Result "1/2-1/2"]
[WhiteElo "1623"]
[BlackElo "1748"]
[PlyCount "113"]
[EventDate "2013.??.??"]

1. d4 e6 2. Nf3 d5 3. c4 c5 4. dxc5 Bxc5 5. Bf4 Nf6 6. e3 O-O 7. Nc3 Bb4 8. Qb3
Qa5 9. Rc1 Ne4 10. cxd5 exd5 11. Bd3 Be6 12. Nd4 Nd7 13. O-O Nd2 14. Qc2 Nxf1
15. Bxh7+ Kh8 16. Kxf1 Nf6 17. Nxe6 Qa6+ 18. Bd3 Qxe6 19. Bf5 Qa6+ 20. Bd3 Qa5
21. Na4 Rfe8 22. Bc7 b6 23. a3 Be7 24. b4 Bxb4 25. axb4 Qxb4 26. Rb1 Qe7 27.
Ba6 Rac8 28. Rc1 d4 29. Bxc8 Rxc8 30. Qc6 Ne8 31. Qb7 Rxc7 32. Rxc7 Qxc7 33.
Qxc7 Nxc7 34. exd4 Nd5 35. Ke2 b5 36. Nc5 a5 37. Kd3 Kg8 38. Nb7 a4 39. Nd6 b4
40. Kc4 b3 41. Nb5 Nb6+ 42. Kb4 Kf8 43. h4 Ke7 44. g4 b2 45. Na3 Nd5+ 46. Kc4
Kd6 47. g5 g6 48. Kd3 Nf4+ 49. Kc2 Ng2 50. Kxb2 Kd5 51. Nb5 Nxh4 52. Ka3 Nf3
53. Kxa4 Nxg5 54. Kb4 Nf3 55. Kc3 Ng5 56. Kd3 Ne6 57. Nc3+ 1/2-1/2

[Event "Mechanics' Spring TNM; 30/90, SD/30"]
[Site "San Francisco"]
[Date "2013.04.09"]
[Round "4.15"]
[White "Cox, Hank"]
[Black "Ramachandran, Jayakrishnan"]
[Result "0-1"]
[WhiteElo "1620"]
[BlackElo "1843"]
[PlyCount "76"]
[EventDate "2013.??.??"]

1. d4 Nf6 2. c4 e6 3. Nf3 d5 4. Nc3 Nbd7 5. Bg5 Be7 6. e3 O-O 7. cxd5 exd5 8.
Qc2 c6 9. Bd3 h6 10. h4 Re8 11. O-O-O b5 12. Rdg1 Bb7 13. g4 b4 14. Bxh6 bxc3
15. g5 Ne4 16. g6 f5 17. Bf4 cxb2+ 18. Kb1 Qa5 19. Bxe4 fxe4 20. Ng5 Nb6 21. h5
Nc4 22. Qd1 Qb4 23. Qb3 Nd2+ 24. Kxb2 Nxb3 25. axb3 Qd2+ 26. Ka1 Bb4 27. Rc1
Ba6 28. h6 gxh6 29. Nf7 Bd3 30. Nxh6+ Kf8 31. g7+ Ke7 32. g8=N+ Rxg8 33. Nf5+
Kd8 34. Bd6 Bc3+ 35. Rxc3 Qxc3+ 36. Ka2 Bc2 37. Bc7+ Kxc7 38. Rh7+ Kb6 0-1